
Library Catalogue

| 000 -LEADER | |
|---|---|
| fixed length control field | 02739nam a2200217Ia 4500 |
| 003 - CONTROL NUMBER IDENTIFIER | |
| control field | OSt |
| 005 - DATE AND TIME OF LATEST TRANSACTION | |
| control field | 20200926162102.0 |
| 008 - FIXED-LENGTH DATA ELEMENTS--GENERAL INFORMATION | |
| fixed length control field | 160316s1997 xxu||||| |||| 00| 0 eng d |
| 020 ## - INTERNATIONAL STANDARD BOOK NUMBER | |
| International Standard Book Number | 9780391040106 |
| 040 ## - CATALOGING SOURCE | |
| Transcribing agency | nls |
| 082 ## - DEWEY DECIMAL CLASSIFICATION NUMBER | |
| Classification number | 340.100000 |
| Item number | CAU |
| 100 ## - MAIN ENTRY--PERSONAL NAME | |
| Personal name | Caudill David S |
| 245 ## - TITLE STATEMENT | |
| Title | Lacan and the subject of law : Toward a psychoanalytic critical legal theory |
| 260 ## - PUBLICATION, DISTRIBUTION, ETC. | |
| Place of publication, distribution, etc. | New York |
| Name of publisher, distributor, etc. | Humanity Books |
| Date of publication, distribution, etc. | 1997 |
| 300 ## - PHYSICAL DESCRIPTION | |
| Extent | 206p |
| Dimensions | xi |
| 365 ## - TRADE PRICE | |
| Price amount | Rs. 1,543 |
| 505 ## - FORMATTED CONTENTS NOTE | |
| Formatted contents note | About this Item: Duke University Press, United States, 1997. Hardback. Condition: New. Language: English. Brand new Book. Dead Subjects is an impassioned call for scholars in critical race and ethnic studies to engage with Lacanian psychoanalytic theory. Antonio Viego argues that Lacanian theory has the potential to begin rectifying the deeply flawed way that ethnic and racialized subjects have been conceptualized in North America since the mid-twentieth century. Viego contends that the accounts of human subjectivity that dominate the humanities and social sciences and influence U.S. legal thought derive from American ego psychology. Examining ego psychology in the United States during its formative years following World War II, Viego shows how its distinctly American misinterpretation of Freudian theory was driven by a faith in the possibility of rendering the human subject whole, complete, and transparent. Viego traces how this theory of the subject gained traction in the United States, passing into most forms of North American psychology, law, civil rights discourse, ethnic studies, and the broader culture.Viego argues that the repeated themes of wholeness, completeness, and transparency with respect to ethnic and racialized subjectivity are fundamentally problematic as these themes ultimately lend themselves to the project of managing and controlling ethnic and racialized subjects by positing them as fully knowable, calculable sums: as dead subjects. He asserts that the refusal of critical race and ethnic studies scholars to read ethnic and racialized subjects in a Lacanian framework-as divided subjects, split in language-contributes to a racist discourse. Focusing on theoretical, historical, and literary work in Latino studies, he mines the implicit connection between Latino studies' theory of the "border subject" and Lacan's theory of the "barred subject" in language to argue that Latino studies is poised to craft a critical multiculturalist, anti-racist Lacanian account of subjectivity while adding historical texture and specificity to Lacanian theory |
| 650 ## - SUBJECT ADDED ENTRY--TOPICAL TERM | |
| Topical term or geographic name entry element | 1. Sociological Jurisprudence 2. Critical Legal Studies - Law - Methodology3. Psychoanalytic Interpretation |
| 700 ## - ADDED ENTRY--PERSONAL NAME | |
| Personal name | |
| -- | |
| 942 ## - ADDED ENTRY ELEMENTS (KOHA) | |
| Source of classification or shelving scheme | Dewey Decimal Classification |
| Koha item type | BOOKs |
| Withdrawn status | Lost status | Damaged status | Not for loan | Home library | Current library | Shelving location | Date acquired | Cost, normal purchase price | Total Checkouts | Full call number | Barcode | Date last seen | Date last checked out | Price effective from | Koha item type |
|---|---|---|---|---|---|---|---|---|---|---|---|---|---|---|---|
| . | . | General Stacks | 30.05.2017 | 1543.00 | 1 | 340.1 CAU | 34346 | 16.11.2021 | 29.07.2020 | 30.05.2017 | BOOKs |